Names Bigger Than 1 Million Quiz Stats

 Plays Quiz not verified by Sporcle

Challenge
Share
Tweet
Embed
Score 0/31 Timer 10:00
0 Plays Today
Appx. Population Name % Correct
3,702,000John
93.2%
3,928,000Michael
78.3%
3,877,000James
76.7%
2,843,000William
73.3%
3,140,000David
60.4%
1,422,000Matthew
59.4%
3,683,000Robert
59.2%
2,508,000Mary
59%
1,818,000Thomas
56.4%
1,248,000Mark
55%
1,087,000Paul
53.8%
1,947,000Joseph
53.5%
1,871,000Christopher
51.9%
1,632,000Daniel
50.7%
1,077,000Andrew
50.5%
2,060,000Richard
46.2%
Appx. Population Name % Correct
1,183,000Steven
45%
1,171,000Elizabeth
43.6%
1,411,000Jennifer
42.9%
1,097,000Brian
35.1%
1,665,000Charles
34.7%
1,072,000Kevin
33.3%
1,006,000Jessica
33.3%
1,073,000Joshua
32.8%
1,004,000Susan
29.2%
1,192,000Anthony
27.1%
1,069,000Donald
18.6%
1,288,000Linda
16%
1,144,000Barbara
14.9%
1,325,000Patricia
14.4%
1,040,000Kenneth
13.7%

You're not logged in!

Compare scores with friends on all Sporcle quizzes.
OR
Log In

You Might Also Like...

Show Comments

Extras

Top Quizzes Today


Score Distribution

Your Account Isn't Verified!

In order to create a playlist on Sporcle, you need to verify the email address you used during registration. Go to your Sporcle Settings to finish the process.

Report this User

Report this user for behavior that violates our Community Guidelines.

Details: